Obnoviteľné zdroje energie - slnečná energia

Obnoviteľné zdroje energie, definícia. Klasifikácia prírodných zdrojov. Slnečná energia, využitie. Klimatické podmienky na Slovensku. Slnečné kolektory. Využitie obnoviteľných zdrojov energie. Popis energetickej situácie a trhu s obnoviteľnými zdrojmi energie. Výroba tepla z OZE na Slovensku, potenc...

Ausführliche Beschreibung

Gespeichert in:
Bibliographische Detailangaben
1. Verfasser: Urblíková, Daniela
Format: Buchkapitel
Sprache:Slowakisch
Schlagworte:
Tags: Tag hinzufügen
Keine Tags, Fügen Sie das erste Tag hinzu!

MARC

LEADER 00000nla$a2200000$$$4500
001 0087297
005 20240502071959.9
041 0 |a slo 
044 |a SK 
245 1 0 |a Obnoviteľné zdroje energie - slnečná energia  |c Daniela Urblíková 
520 |a Obnoviteľné zdroje energie, definícia. Klasifikácia prírodných zdrojov. Slnečná energia, využitie. Klimatické podmienky na Slovensku. Slnečné kolektory. Využitie obnoviteľných zdrojov energie. Popis energetickej situácie a trhu s obnoviteľnými zdrojmi energie. Výroba tepla z OZE na Slovensku, potenciál OZE na Slovensku a ich súčasné využívanie. 
610 2 0 |a zdroje energetické 
610 2 0 |a zdroje energie obnoviteľné 
610 2 0 |a trhy 
610 2 0 |a ceny 
610 2 0 |a Slovensko 
610 2 0 |a energia slnečná 
100 1 |a Urblíková, Daniela